Add a 'T' Quiz Stats

 Plays Quiz Updated Dec 18, 2018

Also try: Add a 'TH'
Challenge
Share
Tweet
Embed
Score 0/20 Timer 04:00
2 Plays Today
Before T Words % Correct
IrrationalRash->Trash
88.7%
The Cat in the...Hat->That
87.9%
Ill or unwellSick->Stick
85.6%
Red or orange coating deteriorated ironRust->Trust
84%
Betelgeuse, Rigel, or AntaresStar->Start
80.4%
Move quicklyRun->Runt
80.1%
City transit or to clear tablesBus->Bust
78.2%
A wrestler's goalPin->Pint
74.5%
To serenadeSing->Sting
71.1%
SphericalRound->Rotund
71.1%
Before T Words % Correct
To learn via the grapevineHear->Heart
70.4%
To move by turning overRoll->Troll
70.3%
Wooden foundation of a wallSill->Still
66.7%
To make out-of-focus, or the band that sang 'Song 2'Blur->Blurt
61.7%
Samantha from BewitchedWitch->Twitch
60.1%
To droop or hangSag->Stag
58.9%
A nerve cellNeuron->Neutron
57.2%
Fable's point, or virtuousMoral->Mortal
56.8%
Handsome, muscular manHunk->Thunk
38.9%
To reconcile or help settle Mediate->Meditate
14.2%

You're not logged in!

Compare scores with friends on all Sporcle quizzes.
OR
Log In

You Might Also Like...

Show Comments

Extras

Top Quizzes Today


Score Distribution

Your Account Isn't Verified!

In order to create a playlist on Sporcle, you need to verify the email address you used during registration. Go to your Sporcle Settings to finish the process.

Report this User

Report this user for behavior that violates our Community Guidelines.

Details: